| 000 | 00763nmc a2200289 a 4500 | ||
|---|---|---|---|
| 003 | AR-BaBNM | ||
| 005 | 20251128211719.0 | ||
| 008 | 126020s2003 ||||||||||||||000 | spa|| | ||
| 020 | _a84-7584-516-9 | ||
| 040 | _cAR-BaBNM | ||
| 100 | 1 | _aBosch, Eulàlia | |
| 245 | 1 | 0 |
_a¿Quién educa a quién? _beducación y vida cotidiana |
| 250 | _a1ª ed. | ||
| 260 |
_aBarcelona _bLaertes _c2003 |
||
| 300 | 0 | _a187 p. | |
| 490 | 0 |
_aPsicopedagogía _vv. 107 |
|
| 650 | 4 | _aPEDAGOGIA | |
| 650 | 4 | _aEDUCACION INFORMAL | |
| 650 | 4 | _aESCUELAS | |
| 650 | 4 | _aVIDA COTIDIANA | |
| 650 | 4 | _aRELACION ALUMNO-DOCENTE | |
| 650 | 4 | _aRELACION PADRES-HIJOS | |
| 650 | 4 | _aEDUCACION FAMILIAR | |
| 650 | 4 | _aRELACIONES INTERPERSONALES | |
| 942 | _cBK | ||
| 998 | _cme-solo cat | ||
| 999 |
_c20824 _d20824 |
||